Loading...
| Current Events | 3 | 16.67 | 100% | 67% | 0% |
| Fine Arts - Classical Music | 8 | 13.75 | 100% | 38% | 0% |
| Fine Arts - Other Fine Arts | 9 | 13.33 | 100% | 22% | 11% |
| Fine Arts - Painting and Sculpture | 5 | 20.00 | 100% | 80% | 20% |
| Geography | 2 | 10.00 | 100% | 0% | 0% |
| History - American History | 10 | 19.00 | 100% | 70% | 20% |
| History - European History | 9 | 22.22 | 100% | 89% | 33% |
| History - Other History | 9 | 16.67 | 100% | 56% | 11% |
| History - World History | 11 | 19.09 | 91% | 73% | 27% |
| Literature - American Literature | 10 | 19.00 | 100% | 70% | 20% |
| Literature - British Literature | 6 | 18.33 | 100% | 67% | 17% |
| Literature - European Literature | 9 | 17.78 | 89% | 89% | 0% |
| Literature - World Literature | 8 | 23.75 | 100% | 88% | 50% |
| Mythology | 8 | 16.25 | 88% | 63% | 13% |
| Other Academic | 3 | 16.67 | 100% | 33% | 33% |
| Philosophy | 10 | 17.00 | 100% | 60% | 10% |
| Pop Culture | 3 | 20.00 | 100% | 100% | 0% |
| Religion | 12 | 17.50 | 100% | 50% | 25% |
| Science - Biology | 8 | 13.75 | 100% | 38% | 0% |
| Science - Chemistry | 7 | 15.71 | 100% | 43% | 14% |
| Science - Other Science | 8 | 15.00 | 100% | 50% | 0% |
| Science - Physics | 6 | 11.67 | 83% | 33% | 0% |
| Social Science | 8 | 16.25 | 100% | 50% | 13% |